000 00896nam a22002297a 4500
003 OSt
005 20260422085509.0
008 260422b |||||||| |||| 00| 0 eng d
020 _a978-71820026( paper Back)
040 _aDWC-Main lib
_cOC
082 _aCirc. 796.071 G795d 2022
100 _aGreenbergy, Jayne D.
245 _aDesigning and Teaching Fitness Education Course:
_bInnovative Ideas and Practical Solutions for Secondary Schools
_cJayne D. Greenbergy
260 _aChampaign, IL, USA :
_bHuman Kinetics Inc.,
_cc2022.
300 _axi, 404 pages :
_billustrations ;
_c28 cm.
504 _aIncludes index and bibliographical references
650 _a1. Physical education and training -- Study and teaching.
650 _a2. Physical education and training -- Curricula.
700 _aCalkins, Nichole D.
700 _dSpinosa, Lisa S.
942 _2ddc
_cBK-CIRC
_hCirc.
_n0
999 _c9742
_d9742